| 000 | 00596nam a2200217Ia 4500 | ||
|---|---|---|---|
| 008 | 160418s9999 xx 000 0 und d | ||
| 020 | _a971-27-1144-7 | ||
| 050 | _aFIL PL 5542 | ||
| 050 | _b.F55 2001 | ||
| 245 | _aFilipinos writing : | ||
| 245 | _bPhilippine literature from the regions / | ||
| 245 | _cBienvenido Lumbera. | ||
| 260 | _aManila : | ||
| 260 | _bAnvil Pub. Inc., | ||
| 260 | _c2001 | ||
| 300 | _a535 pages : | ||
| 300 | _billustrations ; | ||
| 300 | _c25 cm. | ||
| 500 | _aIncludes bibliographical references. | ||
| 650 | _aPhilippine literature -- Collected works. | ||
| 999 |
_c293556 _d293556 |
||